000 01833cam a22003491i 4500
003 SA-RiAUC
005 20241012090134.0
008 241009s1991 su g b f00000 ara c
040 _aSA-MaUQU
_bara
_cSA-RiAUC
_erda
050 4 _b.I126 1991
082 0 4 _a412
_qSA-RiAUC
090 _a412
_bا ب ن م
100 1 _aابن مالك، محمد بن عبد الله،
_d600-672 هجري
_eمؤلف.
245 1 0 _aكتاب الألفاظ المختلفة في المعاني المؤتلفة /
_cتأليف جمال الدين أبي عبد الله محمد عبد الله بن مالك الجياني ؛ تحقيق نجاة حسن نولي.
246 3 0 _aالألفاظ المختلفة في المعاني المؤتلفة
250 _aالطبعة الأولى.
264 1 _aمكة المكرمة :
_bجامعة أم القرى، مركز إحياء التراث الإسلامي،
_c1991
300 _a187 صفحة ؛
_c24 سم.
336 _aنص
_btxt
_2rdacontent
_3كتاب
337 _aبدون وسيط
_bn
_2rdamedia
338 _aمجلد
_bnc
_2rdacarrier
490 1 _aمن التراث الإسلامي
500 _aيشتمل على كشافات.
504 _aببليوجرافية : صفحة 179-181.
650 7 _aاللغة العربية
_xتعبيرات اصطلاحية
_2aucsh
700 1 2 _iتحقيق لـ (عمل) :
_aابن مالك، محمد بن عبد الله،
_d600-672 هجري.
_tالألفاظ المختلفة في المعاني المؤتلفة
700 1 _aنولي، نجاة حسن عبد الله
_eمحقق.
830 0 _aمن التراث الإسلامي (جامعة أم القرى. مركز البحث العلمي وإحياء التراث الإسلامي)
942 _2ddc
_cBOOK
_n0
949 _aSA-JeALM
_d241009
_umohamedma123
_n1
999 _c1226
_d1226